Books and Novels with a Year in the Title - Statistics

General Stats
  • This quiz has been taken 340 times
    92 since last reset
  • The average score is 15 of 30
Answer Stats
Title % Correct
{1984}
99%
{2001}: {A} {Space} {Odyssey}
90%
Lockdown {2020}: 5 Minute Poems
72%
{1960}--LBJ vs. JFK vs. Nixon: The Epic Campaign That Forged Three Presidencies
65%
{1939}: Countdown to War
63%
{2010}: Odyssey Two
62%
{1944}: FDR and the Year That Changed History
61%
{1917}: Stories and Poems from the Russian Revolution
59%
{1776}: America and Britain at War
58%
{1948}: Harry Truman's Improbable Victory and the Year That Transformed America
58%
December {1941}: The Month That Changed America and Saved the World
57%
{1861}: The Civil War Awakening
54%
{1913}: In Search of the World Before the Great War
54%
{1968}: The Year that Rocked the World
54%
{1066}: A New History of the Norman Conquest
53%
{1929}: A Novel of the Jazz Age
52%
{1971} - Never a Dull Moment: Rock's Golden Year
51%
{1920}: The Year of Six Presidents
48%
{1942}: The Year That Tried Men's Souls
48%
{1492}: The Year the World Began
44%
{1812}: The Navy's War
35%
{1858}: Abraham Lincoln, Jefferson Davis, Robert E. Lee, Ulysses S. Grant and the War They Failed to See
35%
{1985}
35%
{1919} (U.S.A., #2)
32%
{1491}: New Revelations of the Americas Before Columbus
30%
{3001}: The Final Odyssey
30%
{1215}: The Year of the Magna Carta
28%
The Year Without Summer: {1816} and the Volcano That Darkened the World
24%
{2061}: Odyssey Three
19%
{1621}: A New Look at Thanksgiving
13%
No matching quizzes found
Score Distribution
Percent of People with Each Score
Percentile by Number Answered
Your Score History
You have not taken this quiz since the last reset